00442nam a2200145 a 4500008004100000020001500041050002000056100002600076245006200102260003200164300003400196350000900230500001700239650004000256120416s1975 ||||||||||||||||| || u a0070209804 aREF TK 7825 Ele aMckenzie, Alexander A10aElectronics engineers' handbookcedited by Donald G. Fink aNew YorkbMcGraw-Hillc1975 a1vol. (various pagings) : ill a0.00 aBibliography aELECTRONICS--HANDBOOKS, MANUAL, ETC